00532nam a2200193 a 4500001001300000003000900013005001700022008004100039020002300080082001900103100002700122245003300149260004400182300000900226500003500235505001300270650002800283700002700311nice12345678IN_TiNIC20260116014548.0050524s1997 dela grp 000 0 eng  a8185220 c45000a930.10285bAKH aAkhtar, Mohammad Jamil aBabri Masjidb a Tale Untold aDelhibInstt.Of Objective Studiesc1997 a389p aincludes index and biblioraphy2 aGlossary aBabri Masjid-Archaelogy1 aAkhtar, Mohammad Jamil